000 00395nam a2200133 a 4500
001 000038052
005 20201002031150.0
008 130312s1999 dr abc 000 0 spa d
040 _aDO-SdBNP
_bspa
_cBNPHU
100 1 _aKelmendí, Yber
_964450
245 1 0 _aRepública Dominicana /
_cYilber Kelmendi.
260 _aSanto Domingo :
_bTele-3,
_c1999.
300 _a95 p. :
_bil., mapas, retrs. ;
_c23 cm.
999 _c37542
_d37542